Constitución y poder político: jurisprudencia de la Corte Suprema y técnicas para su interpretación
محفوظ في:
| المؤلف الرئيسي: | |
|---|---|
| التنسيق: | كتاب |
| اللغة: | الإسبانية |
| منشور في: |
Buenos Aires
Astrea de Alfredo y Ricardo Depalma
1987
|
| الموضوعات: | |
| الوسوم: |
إضافة وسم
لا توجد وسوم, كن أول من يضع وسما على هذه التسجيلة!
|
MARC
| LEADER | 00000nam a2200000 a 4500 | ||
|---|---|---|---|
| 001 | UCV1905 | ||
| 003 | CL-VaPUC | ||
| 008 | 910618e19870000AG |||||||||||||||||spa|d | ||
| 082 | 0 | 4 | |a 342.82 |b MIL |2 21 |
| 100 | |a Miller, Jonathan M. |e autor |9 296101 | ||
| 245 | 1 | 0 | |a Constitución y poder político: jurisprudencia de la Corte Suprema y técnicas para su interpretación |
| 300 | |a 2 v | ||
| 942 | |c BK | ||
| 945 | |d 19910618 00:00:00 | ||
| 260 | |a Buenos Aires |b Astrea de Alfredo y Ricardo Depalma |c 1987 | ||
| 650 | 0 | |a Derecho constitucional |9 222588 | |
| 650 | 7 | |a PODERES PUBLICOS |2 CL-VaPUC |9 256979 | |
| 651 | 0 | |a Argentina |9 254888 | |
| 583 | |a last modification |c 19910618 00:00:00 |k Rodrigo Vera | ||
| 999 | |c 209659 |d 209657 | ||
| 952 | |0 0 |1 0 |4 0 |6 342_820000000000000_MIL_1987 |7 0 |8 A |9 185233 |a BIBDER |b BIBDER |d 2019-11-14 |h v.1 |i 2526980 |o 342.82 MIL 1987 |p 2526980 |r 2023-01-25 |w 2019-11-14 |y BK |k DER | ||
| 952 | |0 0 |1 0 |4 0 |6 342_820000000000000_MIL_1987 |7 0 |8 A |9 185234 |a BIBDER |b BIBDER |d 2019-11-14 |h v.2 |i 2526999 |o 342.82 MIL 1987 |p 2526999 |r 2023-01-25 |w 2019-11-14 |y BK |k DER | ||